Odhad nákladů nezaměstnanosti a jejich odraz ve veřejných rozpočtech České republiky v období let 2017-2019

Príspevok dokazuje, že aj v období s relatívne nízkou nezamestnanosťou sú náklady nezamestnanosti značné. Kvantifikácia nákladov nezamestnanosti v Českej republike vo vybraných rokoch. Kvantifikácia priamych ekonomických nákladov v ČR v období rokov 2017–2019.

Gespeichert in:
Bibliographische Detailangaben
1. Verfasser: Zeman, Martin
Format: Buchkapitel
Sprache:Tschechisch
Schlagworte:
Tags: Tag hinzufügen
Keine Tags, Fügen Sie das erste Tag hinzu!

MARC

LEADER 00000naa a2200000 4500
001 0282740
005 20220317124741.1
041 0 |a cze 
044 |a CZ 
245 1 0 |a Odhad nákladů nezaměstnanosti a jejich odraz ve veřejných rozpočtech České republiky v období let 2017-2019  |c Martin Zeman 
520 |a Príspevok dokazuje, že aj v období s relatívne nízkou nezamestnanosťou sú náklady nezamestnanosti značné. Kvantifikácia nákladov nezamestnanosti v Českej republike vo vybraných rokoch. Kvantifikácia priamych ekonomických nákladov v ČR v období rokov 2017–2019. 
610 2 0 |a politika fiškálna 
610 2 0 |a nezamestnanosť 
610 2 0 |a náklady 
610 2 0 |a odhady 
610 2 0 |a financie verejné 
610 2 0 |a rozpočty verejné 
610 2 0 |a Česko 
100 1 |a Zeman, Martin